000 005210000a22001810004500
003 MACL
005 20160514164358.0
008 160514b xxu||||| |||| 00| 0 eng d
040 _aMACL
_cMACL
041 _aHindi
082 _a891.433 AMM
100 _aअम्‍मन, मीर
_957238
245 _aबागो-बहार
_cमीर अम्‍मन
260 _bसारांश
_c1995
_aनई दिल्‍ली
350 _a150
650 _aNovel
_957239
942 _cHIN
_k891.433/AMM/N
_2ddc
999 _c19379
_d19379